| 000 | 004950000a22001690004500 | ||
|---|---|---|---|
| 020 | _a1-57697-978-4 | ||
| 041 | 0 | _aSPA | |
| 082 | 0 | 4 | _aR 220.546 R364s |
| 100 | 1 | _aReina, Casiodoro de | |
| 245 | 1 | 0 | _aLa Santa Biblia: Antigua versión de Reina-Valera 1960 / Casiodoro de Reina, Cipriano de Valera. |
| 260 | _aBogotá, Colombia : Sociedades Bíblicas Unidas | ||
| 300 | _a318 Pag. | ||
| 500 | _aContiene concordancia | ||
| 650 | 1 | 4 | _aBIBLIA \ VERSIONES DE LA BIBLIA |
| 001 | 88 | ||
| 942 | _cBK | ||
| 999 |
_c31639 _d31639 |
||